000 00618nam a2200229 i 4500
001 C2-0316110
003 PPAK
005 20180728112025.0
008 120715s1966 my |||| ||||| | may d
040 _aPPAK
_beng
_cPPAK
_erda
082 0 4 _a899.233
_223
090 0 0 _a899.233
_bSOS
_dKIH
100 0 _aS. Osman Kelantan,
_eauthor
245 1 0 _aPengertian
264 1 _aMachang, Kelantan :
_bPenerbitan Pustaka Murni ,
_c1966
300 _aiv, 140 pages ;
_c18 cm
336 _2rdacontent
_atext
337 _2rdamedia
_aunmediated
338 _2rdacarrier
_avolume
650 1 0 _aMalay fiction
942 _ddc
_cB
999 _c117256
_d117256